000 00863nam a2200265Ia 4500
003 OSt
005 20220927115137.0
006 a|||||r|||| 00| 0
007 ta
008 220926b |||||||| |||| 00| 0 eng d
024 _a75401
037 _cThesis and Dissertations
040 _aRTL
_cRTL
_beng
041 _2eng
_aeng
082 _a"X652.2.N9, N6"
100 _aKumar Abha
_9391420
110 _aUniversity of Delhi. Faculty of Commerce and Business. Department of Commerce
245 0 _aOption trading
_b An alternative to Badla system
260 _c1996
300 _a87p. Bibliography p.86-87
_ccm.
650 _aSecurities
700 _aUniversity of Delhi. Faculty of Commerce and Business. Department of Commerce
942 _h"X652.2.N9, N6"
_cCC
999 _c706416
_d706416